000
00203nam a2200085Ia 4500
008
120527s9999 xx 000 0 und d
100
_a
Rathus, A. Spencer
245
_a
Essentials of Psychology
942
_c
BK
999
_c
27402
_d
27402